000 01100nam a2200241Ia 4500
999 _c47298
_d47298
001 14159
003 GE_BSU
005 20190604143052.0
008 181216s2011||||ge |||||||||||||| ||geo||
020 _a9789941174377
040 _cGE_BSU
041 _ageo
080 _a329(560) ლ-34
100 _aლებანიძე, ტარიელ
_92031
245 _cტარიელ ლებანიძე; რედაქტორი: მურმან პაპაშვილი.
_aთურქეთის პოლიტიკური პარტიების ისტორიული მიმოხილვა :
_bოსმალეთის იმპერიიდან დღემდე /
264 _aთბილისი :
_bუნივერსალი,
_c2011.
300 _a131 გვ.;
_b20 სმ.
653 _aისტორია
653 _aპოლიტიკური პარტიები
653 _aთურქეთი
700 _aპაპაშვილი, მურმან
_eრედაქტორი
_92032
942 _cBK
_2udc